[Event "R2 regionale Nord"]
[Site "?"]
[Date "????.??.??"]
[Round "2"]
[White "VAN MALDEREN, Siegfried"]
[Black "GILLET, Thibault"]
[Result "0-1"]
[WhiteElo "1590"]
[BlackElo "1660"]
[PlyCount "107"]
[EventDate "2006.11.28"]
[SourceDate "2007.03.18"]

1. e4 e5 2. Nf3 Nc6 3. Bc4 h6 4. Nc3 Nf6 5. d3 Bb4 6. Bd2 O-O 7. O-O d6 8. h3
Na5 9. a3 Nxc4 10. dxc4 Bc5 11. Qe2 c6 12. Na4 Bd4 13. c3 Bb6 14. Nxb6 Qxb6 15.
b4 Be6 16. c5 dxc5 17. Be3 Qc7 18. Bxc5 Rfd8 19. Nd2 b6 20. Be3 Rd7 21. Rab1 (
21. Rad1 Rad8 22. f4 Rd3 23. fxe5) 21... b5 22. Rfd1 a5 23. Rb2 axb4 24. axb4
Qd8 25. f3 Ra3 26. Rc1 Nh5 27. Kh2 Qh4 28. Bf2 Qf4+ 29. g3 Qg5 30. Qe3 Qd8 31.
Nb1 Rb3 32. Rxb3 Bxb3 33. Rg1 Ba2 34. Qc1 (34. Qc5) 34... Rd3 35. f4 Bxb1 36.
Qxb1 exf4 37. gxf4 Nxf4 38. Rg3 Rd2 39. Qf1 Rd1 40. Be1 Nd3 41. Re3 Nxe1 42.
Rxe1 Qd6+ 43. Kh1 Rd2 44. Re2 Qd3 45. Re1 Qxf1+ 46. Rxf1 Rd3 47. Rc1 Rxh3+ 48.
Kg2 Re3 49. c4 Rxe4 50. Kf3 Rxc4 51. Rxc4 bxc4 52. Ke4 h5 53. Kd4 h4 54. Kxc4
0-1

[Event "R2 regionale Nord"]
[Site "?"]
[Date "????.??.??"]
[Round "2"]
[White "GILLET, Thibault"]
[Black "VAN MALDEREN, Siegfried"]
[Result "1-0"]
[WhiteElo "1660"]
[BlackElo "1590"]
[PlyCount "71"]
[EventDate "2006.11.28"]
[SourceDate "2007.03.18"]

1. d4 Nf6 2. c4 e6 3. Nc3 Bb4 4. e3 Ne4 5. Bd2 Nxd2 6. Qxd2 O-O 7. a3 Be7 8.
Bd3 c6 9. Nf3 d5 10. b3 Nd7 11. e4 c5 12. cxd5 cxd4 13. Nxd4 e5 14. Nf3 a6 15.
b4 Nb6 16. Nxe5 Bf6 17. Nc4 (17. f4) 17... Nxc4 18. Bxc4 b5 19. Bb3 Re8 20. f3
Qd6 21. Rc1 h6 22. Ne2 Bd7 23. O-O Bd8 24. Ng3 Bh4 25. Nf5 Bxf5 26. exf5 Bf6
27. Rc6 Qd8 28. d6 Be5 29. Rd1 Rf8 30. d7 Bc7 31. f6 g5 32. Qe2 Ra7 33. Qe7 (
33. Bxf7+ Rxf7 34. Qe8+ Qxe8 35. dxe8=Q+ Rf8 36. Qg6+ Kh8 37. Qg7#) 33... Qb8
34. Rxc7 Rxc7 35. Bxf7+ Rxf7 36. Qe8+ 1-0

[Event "R2 regionale Nord"]
[Site "?"]
[Date "????.??.??"]
[Round "2"]
[White "GILLET, Arthur"]
[Black "HABRAN, Come"]
[Result "0-1"]
[WhiteElo "1260"]
[BlackElo "1540"]
[PlyCount "110"]
[EventDate "2006.11.28"]
[SourceDate "2007.03.18"]

1. e4 c5 2. Nf3 d6 3. c3 Nc6 4. d4 cxd4 5. cxd4 Bg4 6. Be3 g6 7. d5 Ne5 8. Be2
Nf6 9. Nbd2 Nxf3+ 10. Bxf3 Bxf3 11. Qxf3 Bg7 12. O-O O-O 13. Bg5 Qa5 14. h3
Rfe8 15. Nc4 Qa4 16. b3 Qa6 17. Rad1 Qxa2 18. Rb1 Qc2 19. Rb2 Qxe4 20. Bxf6
Qxf3 21. gxf3 Bxf6 22. Rd1 Bxb2 23. Nxb2 Rec8 24. Nc4 a6 25. Nb6 a5 26. Nxc8
Rxc8 27. Rd4 Rc5 28. f4 b5 29. Kg2 a4 30. bxa4 bxa4 31. Rxa4 Rxd5 32. Kg3 Rc5
33. Rd4 Kg7 34. Kg4 Kf6 35. h4 e6 36. Rxd6 h5+ 37. Kg3 Kf5 38. Rd7 f6 39. Rg7
Rc4 40. f3 Rxf4 41. Rg8 Rd4 42. Rg7 e5 43. Rg8 e4 44. fxe4+ Rxe4 45. Rg7 Rg4+
46. Kh3 Ke4 47. Rf7 f5 48. Rg7 f4 49. Rf7 Ke3 50. Rf6 Kf2 51. Rf7 Kg1 52. Rxf4
Rxf4 53. Kg3 Rg4+ 54. Kh3 Kf2 55. Kh2 Rxh4# 0-1

[Event "R2 regionale Nord"]
[Site "?"]
[Date "????.??.??"]
[Round "2"]
[White "HABRAN, Come"]
[Black "GILLET, Arthur"]
[Result "1-0"]
[WhiteElo "1540"]
[BlackElo "1260"]
[PlyCount "30"]
[EventDate "2006.11.28"]
[SourceDate "2007.03.18"]

1. d4 d5 2. Bg5 Nc6 3. c4 Be6 4. e3 f6 5. Bf4 Na5 6. cxd5 Bxd5 7. Qh5+ g6 8.
Qg4 Nc6 9. Bb5 Bh6 10. Nc3 Bxf4 11. exf4 Nh6 12. Qh3 Nf5 13. Nge2 O-O 14. Nxd5
Qxd5 15. Bxc6 bxc6 1-0

[Event "N5"]
[Site "chaumont/rethel"]
[Date "2006.12.10"]
[Round "3"]
[White "RISS, Pascal"]
[Black "SOHIER, Renaud"]
[Result "0-1"]
[WhiteElo "1800"]
[BlackElo "1958"]
[PlyCount "72"]
[EventDate "2006.12.10"]
[SourceDate "2007.03.18"]

1. d4 d5 2. c4 c6 3. Nc3 Nf6 4. Nf3 Nbd7 5. e3 e6 6. Bd3 dxc4 7. Bxc4 Bb4 8.
O-O O-O 9. Qc2 c5 10. Rd1 Bxc3 11. bxc3 Qc7 12. a4 Nb6 13. Ne5 Nxc4 14. Nxc4
cxd4 15. cxd4 b6 16. Na3 Qd7 17. Bd2 Bb7 18. f3 Rfc8 19. Qb3 Bd5 20. Qb4 Bc6
21. Nb5 Nd5 22. Qb3 a6 23. Nc3 Nxc3 24. Bxc3 Bxa4 25. Rxa4 Rxc3 26. Qxc3 (26.
Rxa6 $3) 26... Qxa4 27. Ra1 Qd7 28. Qd3 b5 29. Qe4 Qd5 30. Qc2 Qb7 31. h3 g6
32. Qb3 a5 33. e4 Qb6 34. Qb2 e5 35. Rb1 b4 36. Kh1 Qxd4 0-1

[Event "N5"]
[Site "chaumont/rethel"]
[Date "2006.12.10"]
[Round "3"]
[White "NOIZET, Regis"]
[Black "BEAUGRAND, Julien"]
[Result "0-1"]
[WhiteElo "1780"]
[BlackElo "1780"]
[PlyCount "108"]
[EventDate "2006.12.10"]
[SourceDate "2007.03.18"]

1. d4 f5 2. c4 g6 3. Nc3 Nf6 4. Nf3 Bg7 5. e3 d6 6. Be2 c6 7. O-O O-O 8. Rb1
Be6 9. Ng5 Bd7 10. Qb3 Qc7 11. d5 cxd5 12. cxd5 Bh6 13. Ne6 Bxe6 14. dxe6 Nc6
15. Bd2 a6 16. Nd5 Nxd5 17. Qxd5 Rac8 18. Bc3 Bg7 19. Rfc1 Bxc3 20. Rxc3 Qa5
21. Qxa5 Nxa5 22. Rbc1 Rxc3 23. Rxc3 Kg7 24. Bf3 Kf6 25. b4 Nc6 26. Bxc6 Rc8
27. Kf1 Rxc6 28. Rxc6 bxc6 29. a4 Kxe6 30. Ke2 Kd5 31. Kd3 h5 32. h4 e6 33. f3
e5 34. Kc3 Ke6 35. Kc4 Kd7 36. b5 cxb5+ 37. axb5 axb5+ 38. Kxb5 Ke6 39. Kc6 d5
40. Kc5 f4 41. exf4 exf4 42. Kd4 Kd6 43. Kd3 Kc5 44. Kc3 d4+ 45. Kd3 Kd5 46.
Kd2 Kc4 47. Kc2 d3+ 48. Kd2 Kd4 49. Kd1 Kc3 50. Kc1 d2+ 51. Kd1 Kd3 52. g4 fxg3
53. f4 g2 54. f5 g1=Q# 0-1

[Event "N5"]
[Site "chaumont/rethel"]
[Date "2006.12.10"]
[Round "3"]
[White "DA COSTA, Mathieu"]
[Black "ROBERT, Emmanuel"]
[Result "1/2-1/2"]
[WhiteElo "1690"]
[BlackElo "1670"]
[PlyCount "74"]
[EventDate "2006.12.10"]
[SourceDate "2007.03.18"]

1. e4 d5 2. exd5 Nf6 3. d4 c6 4. dxc6 Nxc6 5. Bb5 Bg4 6. Bxc6+ bxc6 7. f3 Bf5
8. Nc3 Qb6 9. Nge2 Rd8 10. Bd2 e6 11. b3 Bd6 12. Na4 Qc7 13. g3 h5 14. Bg5 e5
15. c3 Bh3 16. Qd2 Ba3 17. Qe3 O-O 18. Qxe5 Bd6 19. Qe3 Rfe8 20. Qd3 Bxg3+ 21.
Kd1 Bf2 22. Nf4 Re3 23. Qc2 Rxf3 24. Nxh3 Rxh3 25. Bxf6 Qf4 26. Bxd8 Re3 27.
Bg5 Qf3+ 28. Kc1 Re2 29. Qd1 Be3+ 30. Bxe3 Qxe3+ 31. Kb1 Rd2 32. Re1 Rxd1+ 33.
Rxd1 f5 34. Kb2 Qf2+ 35. Ka3 Qxh2 36. Rh1 Qe2 37. Rae1 Qf3 1/2-1/2

[Event "N5"]
[Site "chaumont/rethel"]
[Date "2006.12.10"]
[Round "3"]
[White "GERARDIN, David"]
[Black "DOYON, Yves"]
[Result "1/2-1/2"]
[WhiteElo "1710"]
[BlackElo "1630"]
[PlyCount "92"]
[EventDate "2006.12.10"]
[SourceDate "2007.03.18"]

1. e4 c5 2. Nf3 Nc6 3. d4 cxd4 4. Nxd4 d6 5. Nc3 e6 6. Be3 Be7 7. Qd2 Nf6 8. f3
O-O 9. Be2 a6 10. g4 Ne8 11. O-O-O Nxd4 12. Bxd4 Bg5 13. f4 e5 14. Bxe5 dxe5
15. fxg5 Qxd2+ 16. Rxd2 Be6 17. h3 b5 18. a3 Nc7 19. Rf1 Rad8 20. Rxd8 Rxd8 21.
Rd1 Rd7 22. Rxd7 Bxd7 23. Bf3 Kf8 24. Kd2 Ne6 25. h4 Ke7 26. b3 Bc6 27. Ne2 Kd6
28. b4 Nc7 29. Kd3 Na8 30. c4 bxc4+ 31. Kxc4 Nb6+ 32. Kd3 Bb5+ 33. Kc3 Bd7 34.
Nc1 Be6 35. Nd3 Na4+ 36. Kc2 Bd7 37. Nb2 Nb6 38. Be2 Bb5 39. Bxb5 axb5 40. Kb3
Nd7 41. Nd3 f6 42. gxf6 Nxf6 43. Nf2 Kc6 44. a4 Nd7 45. a5 Nf8 46. Nd3 Nd7
1/2-1/2

[Event "N5"]
[Site "chaumont/rethel"]
[Date "2006.12.10"]
[Round "3"]
[White "DEMONGODIN, Vincent"]
[Black "LEBEGUE, Bertrand"]
[Result "1-0"]
[WhiteElo "1510"]
[BlackElo "1499"]
[PlyCount "61"]
[EventDate "2006.12.10"]
[SourceDate "2007.03.18"]

1. e4 d5 2. exd5 Qxd5 3. Nc3 Qa5 4. d4 c6 5. Nf3 Nf6 6. Be2 Bf5 7. Bd3 Be4 8.
O-O g6 9. Nxe4 Bg7 10. Nxf6+ Bxf6 11. Qd2 Qb6 12. c3 Nd7 13. Qe2 O-O-O 14. Bg5
Rhe8 15. Bc4 Rf8 16. Bh6 Qa5 17. Bxf8 Rxf8 18. Rfe1 b5 19. Bd3 Re8 20. Ne5 b4
21. Ba6+ Kc7 22. Nxd7 Kxd7 23. cxb4 Qxb4 24. a3 Qb6 25. d5 Kd6 26. dxc6 Kc7 27.
Red1 e5 28. Rd7+ Kxc6 29. Rad1 Rd8 30. R1d6+ Kc5 31. Qc4# 1-0

[Event "N5"]
[Site "chaumont/rethel"]
[Date "2006.12.10"]
[Round "3"]
[White "PURAT, Adrien"]
[Black "DIDIER, Julien"]
[Result "0-1"]
[WhiteElo "1370"]
[BlackElo "1490"]
[PlyCount "80"]
[EventDate "2006.12.10"]
[SourceDate "2007.03.18"]

1. e4 c5 2. Nf3 d6 3. d4 cxd4 4. Nxd4 Nf6 5. Bd3 g6 6. Be3 Bg7 7. h3 O-O 8. O-O
Nc6 9. c3 a6 10. Nd2 Nxd4 11. cxd4 b5 12. Rc1 Bb7 13. Nf3 Nxe4 14. Bxe4 Bxe4
15. Re1 Bxf3 16. Qxf3 e5 17. dxe5 dxe5 18. Red1 Qe8 19. Bc5 Rc8 20. Bxf8 Rxc1
21. Rxc1 Bxf8 22. Rc6 e4 23. Qc3 Qd7 24. Kf1 Qd1+ 25. Qe1 Qd3+ 26. Qe2 Qb1+ 27.
Qe1 Qxa2 28. Qxe4 Qa1+ 29. Qe1 Qxb2 30. Qc3 Qxc3 31. Rxc3 b4 32. Rb3 a5 33. Ke1
Bg7 34. Rd3 Bc3+ 35. Kd1 a4 36. Kc1 a3 37. Kb1 Kf8 38. Rd7 b3 39. Rd3 a2+ 40.
Kc1 a1=Q# 0-1

[Event "N5"]
[Site "chaumont/rethel"]
[Date "2006.12.10"]
[Round "3"]
[White "BESA, Ugo"]
[Black "PIERLOT, Aurore"]
[Result "1/2-1/2"]
[WhiteElo "1280"]
[BlackElo "1370"]
[PlyCount "91"]
[EventDate "2006.12.10"]
[SourceDate "2007.03.18"]

1. e4 e5 2. Nf3 Nc6 3. Bc4 d6 4. c3 Nf6 5. Ng5 d5 6. exd5 Nxd5 7. d4 Be7 8. Qf3
O-O 9. Qxd5 Bxg5 10. Qxd8 Bxd8 11. Be3 exd4 12. Bxd4 Re8+ 13. Be3 Be6 14. Bxe6
Rxe6 15. O-O Bf6 16. Nd2 a6 17. Nb3 b6 18. Rad1 Ne5 19. Rfe1 Nc4 20. Re2 Rd6
21. Rxd6 Nxd6 22. Bd4 Bxd4 23. Nxd4 c5 24. Nf3 h6 25. a3 a5 26. g3 Nc4 27. Ne5
Nxe5 28. Rxe5 Rd8 29. b4 axb4 30. axb4 cxb4 31. cxb4 f6 32. Re4 Kf7 33. Kg2 g5
34. Kf3 Rd3+ 35. Re3 Rd4 36. Re4 Rd5 37. Ke3 f5 38. Rd4 Re5+ 39. Kd3 Ke6 40.
Rd8 f4 41. Re8+ Kf5 42. Rxe5+ Kxe5 43. g4 Kd5 44. f3 b5 45. Kc3 Ke5 46. Kd3
1/2-1/2

[Event "N5"]
[Site "chaumont/rethel"]
[Date "2006.12.10"]
[Round "3"]
[White "FORT, Florent"]
[Black "LAROCHE, Alice"]
[Result "0-1"]
[WhiteElo "1099"]
[BlackElo "1060"]
[PlyCount "30"]
[EventDate "2006.12.10"]
[SourceDate "2007.03.18"]

1. e4 e5 2. Nf3 Nc6 3. Bc4 Bc5 4. O-O Nf6 5. Nc3 d6 6. Ng5 O-O 7. d3 Bg4 8. Qd2
Ne7 9. Nd5 Ng6 10. Nxf6+ gxf6 11. Nxh7 Nf4 12. Nxf6+ Qxf6 13. g3 Be2 14. Re1
Nh3+ 15. Kh1 Qf3# 0-1

[Event "régionale"]
[Site "chaumont/enhm"]
[Date "2006.12.10"]
[Round "3"]
[White "COLLIN, Patrick"]
[Black "HUTIN, Alexandre"]
[Result "1-0"]
[WhiteElo "1730"]
[BlackElo "1470"]
[PlyCount "83"]
[EventDate "2006.12.10"]
[SourceDate "2007.03.18"]

1. d4 d5 2. c4 e6 3. e3 b6 4. cxd5 exd5 5. Nc3 Nf6 6. Nf3 Nc6 7. Bb5 Bb7 8. Ne5
Qd6 9. Qa4 O-O-O 10. Bxc6 Bxc6 11. Qxc6 g6 12. Qxd6 Bxd6 13. Nxf7 Rdf8 14. Nxh8
Rxh8 15. f3 Re8 16. O-O Bb4 17. a3 Bxc3 18. bxc3 Nd7 19. a4 a5 20. Kf2 g5 21.
Ba3 Nf6 22. h3 h5 23. g3 g4 24. Rh1 gxf3 25. Rac1 Ne4+ 26. Kxf3 Rf8+ 27. Bxf8
Nd2+ 28. Kf4 c6 29. Rh2 Ne4 30. g4 hxg4 31. hxg4 b5 32. Rh7 Nf6 33. Ra7 Kb8 34.
Rxa5 Nd7 35. Bd6+ Kb7 36. axb5 Kb6 37. Rca1 cxb5 38. Ra7 Kc6 39. Bb4 Nb8 40.
Bc5 Nd7 41. R1a6+ Nb6 42. Rxb6# 1-0

[Event "régionale"]
[Site "chaumont/enhm"]
[Date "2006.12.10"]
[Round "3"]
[White "PARISOT, Anthony"]
[Black "BARBELIN, Jean-Pierre"]
[Result "0-1"]
[WhiteElo "1499"]
[BlackElo "1690"]
[PlyCount "60"]
[EventDate "2006.12.10"]
[SourceDate "2007.03.18"]

1. e4 c5 2. Nf3 a6 3. Bc4 e6 4. c3 b5 5. Bb3 Bb7 6. d4 Bxe4 7. Nbd2 Bb7 8. O-O
cxd4 9. Nxd4 d5 10. N2f3 Nf6 11. Re1 Be7 12. Ng5 O-O 13. Nxf7 Rxf7 14. Nxe6 Qd6
15. Bf4 Qd7 16. Nc5 Bxc5 17. a4 Ng4 18. Be3 Nxf2 19. Qd2 Ne4 20. Qe2 Bxe3+ 21.
Qxe3 Nf6 22. Rad1 bxa4 23. Ba2 Bc6 24. c4 Qa7 25. cxd5 Qxe3+ 26. Rxe3 Bxd5 27.
Bxd5 Nxd5 28. Re8+ Rf8 29. Re6 Nf6 30. h3 Nbd7 {illisible} 0-1

[Event "régionale"]
[Site "chaumont/enhm"]
[Date "2006.12.10"]
[Round "3"]
[White "WIETRICH, Edgard"]
[Black "LOISEAU, Pierre"]
[Result "1-0"]
[WhiteElo "1640"]
[BlackElo "1499"]
[PlyCount "47"]
[EventDate "2006.12.10"]
[SourceDate "2007.03.18"]

1. b4 e5 2. Bb2 d6 3. c4 Nd7 4. f4 c5 5. fxe5 dxe5 6. b5 Bd6 7. g3 f5 8. e3 Qf6
9. Bg2 Ne7 10. Ne2 O-O 11. O-O f4 12. Rxf4 exf4 13. Bxf6 Rxf6 14. exf4 b6 15.
Bxa8 h6 16. Nbc3 Bb8 17. Nd5 Nxd5 18. Bxd5+ Kh7 19. Qc2+ g6 20. Qe4 Nf8 21.
Qe7+ Kh8 22. Qxf6+ Kh7 23. Qf7+ Kh8 24. Qg8# 1-0

[Event "régionale"]
[Site "chaumont/enhm"]
[Date "2006.12.10"]
[Round "3"]
[White "BEAUGRAND, Sebastien"]
[Black "FISTER, Bernard"]
[Result "0-1"]
[WhiteElo "1160"]
[BlackElo "1610"]
[PlyCount "40"]
[EventDate "2006.12.10"]
[SourceDate "2007.03.18"]

1. e4 e6 2. d4 d5 3. Nc3 Bb4 4. Bb5+ Bd7 5. Bxd7+ Qxd7 6. exd5 exd5 7. Bd2 Nc6
8. Qe2+ Nge7 9. Nf3 O-O-O 10. O-O Nf5 11. Ng5 Nfxd4 12. Qd3 h6 13. Nf3 Ne6 14.
Be3 d4 15. Bxd4 Ncxd4 16. Nxd4 Qxd4 17. a3 Qxd3 18. cxd3 Bxc3 19. bxc3 Rxd3 20.
Rac1 g5 0-1

[Event "régionale"]
[Site "chaumont/enhm"]
[Date "2006.12.10"]
[Round "3"]
[White "ROZE, Philippe"]
[Black "HUTIN, Guillaume"]
[Result "1-0"]
[WhiteElo "1580"]
[BlackElo "1160"]
[PlyCount "71"]
[EventDate "2006.12.10"]
[SourceDate "2007.03.18"]

1. e4 e5 2. Nc3 Nf6 3. a3 Bc5 4. h3 O-O 5. d3 h6 6. Bd2 d6 7. Nf3 Nc6 8. g3 Be6
9. h4 d5 10. Ng5 dxe4 (10... hxg5 11. hxg5 Ng4 $19) 11. Ncxe4 Nxe4 12. Nxe4 Bb6
13. Qh5 Qd4 14. c3 Qa4 15. Be2 Qc2 16. O-O Qxb2 (16... f5 $19) 17. Bxh6 gxh6
18. Qxh6 Bxf2+ $4 19. Kxf2 f6 20. Nxf6+ Kf7 21. Qh7+ Kxf6 22. Kg1+ Bf5 23.
Qxf5+ Ke7 24. Qg5+ Ke8 25. Bh5+ Kd7 26. Qg4+ Ke7 27. Qg7+ Kd6 28. Rae1 Qxc3 29.
Qg6+ Kc5 30. Rc1 Rxf1+ 31. Rxf1 Qxd3 $4 (31... Rd8) 32. Qxd3 Rd8 33. Rc1+ Kb6
34. Qb3+ Ka6 35. Be2+ Ka5 36. Qb5# 1-0

[Event "régionale"]
[Site "chaumont/enhm"]
[Date "2006.12.10"]
[Round "3"]
[White "HUTIN, Alexandre"]
[Black "Collin, Patrick"]
[Result "0-1"]
[WhiteElo "1470"]
[BlackElo "1730"]
[PlyCount "70"]
[EventDate "2006.12.10"]
[SourceDate "2007.03.18"]

1. e4 e5 2. Nf3 d6 3. h3 Nf6 4. Nc3 a6 5. Bc4 b5 6. Bd5 c6 7. Bb3 b4 8. Ng5 d5
9. exd5 bxc3 10. dxc3 cxd5 11. c4 Bb7 12. O-O h6 13. Re1 hxg5 14. Bxg5 Qc7 15.
cxd5 Bd6 16. Ba4+ Nbd7 17. c4 Kf8 18. Bb3 Nc5 19. Bxf6 gxf6 20. Bc2 Ke7 21. b4
Rag8 22. bxc5 Qxc5 23. Qd3 Bc8 24. Re3 Rh4 25. Bb3 Qd4 26. Rd1 Qxd3 27. Rdxd3
Bc5 28. Rf3 e4 29. d6+ Bxd6 30. Rd4 Rxg2+ 31. Kxg2 exf3+ 32. Kxf3 Rxd4 33. Ke3
Rh4 34. Kf3 Bxh3 35. Ke3 Bf1 0-1

[Event "régionale"]
[Site "chaumont/enhm"]
[Date "2006.12.10"]
[Round "3"]
[White "BARBELIN, Jean-Pierre"]
[Black "PARISOT, Anthony"]
[Result "1-0"]
[WhiteElo "1650"]
[BlackElo "1499"]
[PlyCount "85"]
[EventDate "2006.12.10"]
[SourceDate "2007.03.18"]

1. c4 e5 2. Nc3 Nc6 3. g3 d6 4. Bg2 Nf6 5. e3 Bf5 6. d3 a6 7. Nge2 Qd7 8. a3
Be7 9. O-O O-O 10. b4 Bg4 11. Bb2 Rab8 12. Rc1 b5 13. cxb5 axb5 14. Nxb5 Rxb5
15. Bxc6 Qe6 16. Bg2 Rc8 17. Qd2 c5 18. Nc3 Rb6 19. b5 Bh3 20. a4 Bd8 21. a5
Rbb8 22. b6 Bxb6 23. axb6 Rxb6 24. Ne2 Bxg2 25. Kxg2 Qa2 26. Rc2 e4 27. Bxf6
Rb2 28. Rxb2 Qa3 29. dxe4 gxf6 30. Rfb1 c4 31. Nc3 Rc5 32. Ra2 Qb3 33. Rxb3
cxb3 34. Rb2 Re5 35. Qxd6 Re6 36. Qxe6 fxe6 37. Rxb3 Kg7 38. Rb6 Kf7 39. Kf3 h6
40. Kf4 f5 41. exf5 exf5 42. Kxf5 Kg7 43. Ne4 1-0

[Event "régionale"]
[Site "chaumont/enhm"]
[Date "2006.12.10"]
[Round "3"]
[White "LOISEAU, Pierre"]
[Black "WIETRICH, Edgard"]
[Result "0-1"]
[WhiteElo "1499"]
[BlackElo "1640"]
[PlyCount "75"]
[EventDate "2006.12.10"]
[SourceDate "2007.03.18"]

1. d4 Nf6 2. Nf3 e6 3. c3 c5 4. Nbd2 Nc6 5. e4 cxd4 6. Nxd4 Nxd4 7. cxd4 Qa5 8.
Bc4 Nxe4 9. O-O Nxd2 10. Bxd2 Bb4 11. Be1 O-O 12. a3 Bxe1 13. Rxe1 Qc7 14. b3
d5 15. Qd3 dxc4 16. bxc4 b6 17. d5 Rd8 18. Qe4 Bb7 19. Qh4 exd5 20. Re7 Qc6 21.
f3 dxc4 22. Rae1 f6 23. Qh5 Qc5+ 24. Qxc5 bxc5 25. Rxb7 c3 26. Ree7 c2 27.
Rxg7+ Kf8 28. Rbf7+ Ke8 29. Re7+ Kf8 30. Rxh7 (30. Ref7+ $11) 30... c1=Q+ 31.
Kf2 Qc2+ 32. Kg3 Qg6+ 33. Kh4 Rd4+ 34. g4 f5 35. Rc7 Rxg4+ 36. Kh3 Qxh7+ 37.
Rxh7 Rg8 38. f4 0-1

[Event "régionale"]
[Site "chaumont/enhm"]
[Date "2006.12.10"]
[Round "3"]
[White "FISTER, Bernard"]
[Black "BEAUGRAND, Sebastien"]
[Result "1-0"]
[WhiteElo "1610"]
[BlackElo "1160"]
[PlyCount "45"]
[EventDate "2006.12.10"]
[SourceDate "2007.03.18"]

1. e4 e5 2. Nf3 Nc6 3. Bc4 Nf6 4. Ng5 d5 5. exd5 Nxd5 6. Qf3 Be6 7. Nxe6 fxe6
8. O-O Bc5 9. Qh5+ g6 10. Qh3 Qd6 11. c3 O-O 12. Qg3 Rf7 13. Kh1 Raf8 14. f3
Rf4 15. d4 R4f5 16. dxc5 Qxc5 17. Na3 e4 18. Bh6 R8f7 19. fxe4 Rxf1+ 20. Rxf1
Rxf1+ 21. Bxf1 Nb6 22. Qxc7 Qf2 23. Qg7# 1-0

[Event "régionale"]
[Site "chaumont/enhm"]
[Date "2006.12.10"]
[Round "3"]
[White "HUTIN, Guillaume"]
[Black "ROZE, Philippe"]
[Result "0-1"]
[WhiteElo "1160"]
[BlackElo "1580"]
[PlyCount "52"]
[EventDate "2006.12.10"]
[SourceDate "2007.03.18"]

1. e4 e5 2. Nf3 Nc6 3. Bc4 h6 4. O-O Nf6 5. Nc3 d6 6. h3 Nh5 7. d3 Na5 8. Nd2
Qe7 9. Qxh5 Nxc4 10. Nxc4 g6 11. Qf3 c6 12. Ne3 Be6 13. Ng4 h5 14. Qf6 Rh7 15.
Qxe7+ Bxe7 16. Ne3 O-O-O 17. Nc4 Rg8 18. Be3 Kb8 19. Rad1 g5 20. d4 g4 21. hxg4
Bxc4 22. Rfe1 hxg4 23. dxe5 Rgh8 24. f3 g3 25. Bxa7+ Ka8 26. Ne2 Rh1# 0-1

[Event "N4 BME / BLAGNY"]
[Site "?"]
[Date "????.??.??"]
[Round "3"]
[White "CAZZARO, Dorian"]
[Black "DEFRANCE, Laurent"]
[Result "0-1"]
[WhiteElo "1790"]
[BlackElo "2173"]
[PlyCount "98"]
[EventDate "2006.12.10"]
[SourceDate "2007.03.18"]

1. e4 d6 2. d4 Nf6 3. Nc3 Nbd7 4. Bc4 e5 5. Nf3 Be7 6. dxe5 dxe5 7. Bg5 c6 8.
O-O O-O 9. a3 Qc7 10. Qe2 b5 11. Bb3 Nc5 12. h3 Nxb3 13. cxb3 Be6 14. Qc2 Rac8
15. Rac1 a6 16. Rfd1 Rfd8 17. Rxd8+ Rxd8 18. Ne2 c5 19. Ng3 Qd6 20. Qc3 h6 21.
Be3 Nd7 22. a4 Rc8 23. Qc2 Qb8 24. Qc3 c4 25. axb5 axb5 26. bxc4 Rxc4 27. Qd2
Bb4 28. Qd1 Qd6 29. Qxd6 Rxc1+ 30. Bxc1 Bxd6 31. Kf1 Nc5 32. Bd2 f6 33. Bb4
Bc4+ 34. Ne2 Nxe4 35. Bxd6 Nxd6 36. Nd2 Bd3 37. Ke1 Kf7 38. Nc3 Bc4 39. Nxc4
bxc4 40. Nb1 Ke6 41. Nd2 Kd5 42. Ke2 Nf5 43. f3 Nd4+ 44. Ke3 f5 45. g3 Nc2+ 46.
Ke2 Nb4 47. Ke3 g5 48. Ke2 Nd3 49. b3 Nc1+ 0-1

[Event "N4 BME / BLAGNY"]
[Site "?"]
[Date "????.??.??"]
[Round "3"]
[White "FOURCART, Maxence"]
[Black "GODARD, Adrien"]
[Result "1/2-1/2"]
[WhiteElo "2014"]
[BlackElo "1680"]
[PlyCount "43"]
[EventDate "2006.12.10"]
[SourceDate "2007.03.18"]

1. d4 d5 2. Bg5 Nf6 3. Bxf6 gxf6 4. e3 Bf5 5. c4 c6 6. Nc3 e6 7. Qb3 Qb6 8. Nf3
Qxb3 9. axb3 Nd7 10. c5 a6 11. b4 O-O-O 12. Be2 Rg8 13. Nh4 Bg6 14. f4 f5 15.
Kf2 Nf6 16. h3 Be7 17. g3 Kc7 18. Rhg1 h5 19. Nf3 Nd7 20. Rg2 Rh8 21. Nh4 Nf6
22. Nf3 1/2-1/2

[Event "N4 BME / BLAGNY"]
[Site "?"]
[Date "????.??.??"]
[Round "3"]
[White "MUNIER, Germain"]
[Black "HANOT, Wilfried"]
[Result "1/2-1/2"]
[WhiteElo "1695"]
[BlackElo "1930"]
[PlyCount "82"]
[EventDate "2006.12.10"]
[SourceDate "2007.03.18"]

1. e4 c6 2. d4 d5 3. Nc3 dxe4 4. Nxe4 Bf5 5. Ng3 Bg6 6. Nf3 Nf6 7. Bd3 Bxd3 8.
Qxd3 Qa5+ 9. Bd2 Qa6 10. c4 e6 11. O-O Nbd7 12. b3 c5 13. Bc3 Rd8 14. Qc2 b5
15. cxb5 Qxb5 16. dxc5 Bxc5 17. Rac1 O-O 18. Bxf6 gxf6 19. Ne4 Rc8 20. Qb2 Be7
21. Rfd1 Rxc1 22. Qxc1 Qb7 23. Ng3 Rc8 24. Qh6 Bf8 25. Qd2 Nb6 26. Rc1 Nd5 27.
Rxc8 Qxc8 28. Ne2 Qa6 29. h3 Nb4 30. Nc1 Qd6 31. Qxd6 Bxd6 32. Kf1 a5 33. Ke2
Bf8 34. Ne1 Nc6 35. Nc2 Ne5 36. Nd3 Nc6 37. Nc1 e5 38. f3 Bh6 39. Nd3 Kf8 40.
b4 axb4 41. Ndxb4 Na5 1/2-1/2

[Event "N4 BME / BLAGNY"]
[Site "?"]
[Date "????.??.??"]
[Round "3"]
[White "POISSEROUX, Benoit"]
[Black "HUSSON, Christophe"]
[Result "1/2-1/2"]
[WhiteElo "1868"]
[BlackElo "1700"]
[PlyCount "53"]
[EventDate "2006.12.10"]
[SourceDate "2007.03.18"]

1. d4 d5 2. Bg5 Nf6 3. Nd2 Bf5 4. Bxf6 gxf6 5. e3 e5 6. dxe5 fxe5 7. Qh5 Qf6 8.
Rc1 Bg6 9. Qf3 Qxf3 10. Ngxf3 f6 11. c4 dxc4 12. Bxc4 c6 13. Be6 Nd7 14. Bxd7+
Kxd7 15. O-O Rd8 16. Rfd1 Kc7 17. Nh4 Be7 18. Nxg6 hxg6 19. Ne4 b6 20. Nc3 Kb7
21. h3 a6 22. Kf1 f5 23. Ke2 Bf6 24. Rc2 Rxd1 25. Nxd1 Rd8 26. Rd2 Rxd2+ 27.
Kxd2 1/2-1/2

[Event "N4 BME / BLAGNY"]
[Site "?"]
[Date "????.??.??"]
[Round "3"]
[White "DHAUSSY, Zélie"]
[Black "FOURCART, Marc"]
[Result "1/2-1/2"]
[WhiteElo "1690"]
[BlackElo "1775"]
[PlyCount "98"]
[EventDate "2006.12.10"]
[SourceDate "2007.03.18"]

1. e4 c6 2. d4 d5 3. Nc3 dxe4 4. Nxe4 Nd7 5. Bd3 Ngf6 6. Nf3 Nxe4 (6... g6 7.
O-O Bg7) 7. Bxe4 Nf6 8. Bd3 Qc7 9. Bg5 Qa5+ 10. c3 Nd5 11. O-O Bg4 12. Qe2 Bxf3
13. Qxf3 e6 14. Be4 Nb6 15. Bf4 (15. Bxc6+ Nd7 16. Bxb7 Rb8 17. Bf4 Rd8 18. Qc6
Qb6 19. Qxb6 Nxb6 20. Bc7 Rd7 21. Bc6) 15... Rc8 16. a3 Nd5 17. Bg3 Be7 (17...
Nf6) 18. Qh5 Qd8 (18... Qb5) 19. Be5 Bf6 (19... Nf6 20. Bxf6 Bxf6) 20. Rfe1
Bxe5 21. Bxd5 Bxh2+ 22. Kxh2 Qxd5 23. Re5 Qb3 (23... Qd6 24. Rae1 O-O) 24. Rae1
g6 25. Qh4 Rc7 (25... Qxb2 26. Rxe6+ fxe6 27. Rxe6+ Kf8 28. Qf6+ Kg8 29. Re7)
26. Qf6 (26. Rxe6+ fxe6 27. Qf6 Re7 28. Qxh8+ Kd7 29. Re2) 26... O-O 27. R1e2
Rd7 28. g4 Rd5 29. R5e3 Qb5 30. f4 g5 (30... c5 31. dxc5 Qxc5 32. Re5) 31. f5
exf5 32. Qxg5+ Kh8 33. Re8 (33. Qf6+ Kg8 34. gxf5 Qxe2+ 35. Rxe2 Rfd8 36. Rg2+
Kf8 37. Rg7 R8d7 38. Rxh7) 33... Rd8 34. Rxd8 (34. Qxd8 Qxe2+ 35. Rxe2 Rxd8 36.
Re7 fxg4 37. Rxb7 f5) 34... Qxe2+ 35. Kg3 f4+ 36. Qxf4 Qe1+ 37. Kg2 Qe2+ 38.
Kg1 Rxd8 39. Qf6+ Kg8 40. Qxd8+ Kg7 41. Qg5+ Kf8 42. Qd8+ Qe8 43. Qd6+ Qe7 44.
Qb8+ Kg7 45. Qg3 f6 46. Kf2 c5 47. Qf4 cxd4 48. Qxd4 b6 49. b4 h6 1/2-1/2